Reproducción de animales domésticos (Record no. 35622)
[ view plain ]
| 000 -LEADER | |
|---|---|
| fixed length control field | 00698nam a22002177a 4500 |
| 005 - DATE AND TIME OF LATEST TRANSACTION | |
| control field | 20240520130002.0 |
| 008 - FIXED-LENGTH DATA ELEMENTS--GENERAL INFORMATION | |
| fixed length control field | 190807b mx ||||| |||| 00| 0 spa d |
| 020 ## - INTERNATIONAL STANDARD BOOK NUMBER | |
| International Standard Book Number | 9789681871321 |
| 050 04 - LIBRARY OF CONGRESS CALL NUMBER | |
| Classification number | SF871 |
| Item number | R47 2010 |
| 245 00 - TITLE STATEMENT | |
| Title | Reproducción de animales domésticos |
| Statement of responsibility, etc | / compiladores Carlos Galina, Javier Valencia,... [et al.]. |
| 250 ## - EDITION STATEMENT | |
| Edition statement | 3a ed. |
| 260 ## - PUBLICATION, DISTRIBUTION, ETC. (IMPRINT) | |
| Place of publication, distribution, etc | México : |
| Name of publisher, distributor, etc | Limusa, |
| Date of publication, distribution, etc | 2010. |
| 300 ## - PHYSICAL DESCRIPTION | |
| Extent | 582 p. : |
| Other physical details | il. ; |
| Dimensions | 25 cm. |
| 504 ## - BIBLIOGRAPHY, ETC. NOTE | |
| Bibliography, etc | Incluye bibliografía |
| 650 #7 - SUBJECT ADDED ENTRY--TOPICAL TERM | |
| Source of heading or term | lemb |
| Topical term or geographic name as entry element | Reproducción |
| 650 #7 - SUBJECT ADDED ENTRY--TOPICAL TERM | |
| Source of heading or term | lemb |
| Topical term or geographic name as entry element | Animales domésticos |
| 700 1# - ADDED ENTRY--PERSONAL NAME | |
| Personal name | Galina, Carlos, |
| Relator term | compilador |
| 700 1# - ADDED ENTRY--PERSONAL NAME | |
| Personal name | Valencia, Javier, |
| Relator term | compilador |
| 700 1# - ADDED ENTRY--PERSONAL NAME | |
| Personal name | Bayard, Paulo, |
| Relator term | compilador |
| 942 ## - ADDED ENTRY ELEMENTS (KOHA) | |
| Source of classification or shelving scheme | Biblioteca del Cogreso de los Estados Unidos |
| Koha item type | Libro |
| Estado de pérdida | Fuente de clasificación | Estado del daño | No para préstamo | Ubicación permanente | Ubicación actual | Apartado o colección | Fecha de adquisición | Edición | Área del conocimiento | Total Checkouts | Clasificación | Código de Barras | Date last seen | Date checked out | Número de copia | Costo por reposición | Tipo de recurso | Total Renewals |
|---|---|---|---|---|---|---|---|---|---|---|---|---|---|---|---|---|---|---|
| Biblioteca del Cogreso de los Estados Unidos | Biblioteca de la Facultad de Medicina Veterinaria y Zootecnia | Biblioteca de la Facultad de Medicina Veterinaria y Zootecnia | General | 05/12/2012 | 3a ed. | Ciencias Agropecuarias | 6 | SF871 R47 2010 | MVZ000000741 | 07/03/2024 | 06/03/2024 | 1 | 1.00 | Libro | ||||
| Biblioteca del Cogreso de los Estados Unidos | Biblioteca de la Facultad de Medicina Veterinaria y Zootecnia | Biblioteca de la Facultad de Medicina Veterinaria y Zootecnia | General | 16/01/2015 | 3a ed. | Ciencias Agropecuarias | 6 | SF871 R47 2011 | MVZ000000742 | 07/06/2019 | 04/06/2019 | 1 | 1.00 | Libro | 4 | |||
| Biblioteca del Cogreso de los Estados Unidos | Biblioteca de la Facultad de Medicina Veterinaria y Zootecnia | Biblioteca de la Facultad de Medicina Veterinaria y Zootecnia | General | 04/09/2014 | 3a ed. | Ciencias Agropecuarias | 7 | SF871 R47 2014 | MVZ000000618 | 24/02/2025 | 21/02/2025 | 1 | 1.00 | Libro | ||||
| Biblioteca del Cogreso de los Estados Unidos | Biblioteca de la Facultad de Medicina Veterinaria y Zootecnia | Biblioteca de la Facultad de Medicina Veterinaria y Zootecnia | General | 04/09/2014 | 3a ed. | Ciencias Agropecuarias | 6 | SF871 R47 2014 | MVZ000000617 | 11/02/2026 | 10/02/2026 | 2 | 1.00 | Libro |